| 000 | 00521nam a22001577a 4500 | ||
|---|---|---|---|
| 003 | CEME | ||
| 005 | 20210628210522.0 | ||
| 008 | 210209b xxu||||| |||| 00| 0 eng d | ||
| 040 | _c. | ||
| 082 | _a658.562 ACH | ||
| 100 |
_aIcqi 98 _979760 |
||
| 245 | _aAchieving excellent and competitive quality in developing countries proceedings of pakistan's fourth international convention on quality improvement | ||
| 260 |
_aLAHORE _bAIWAN-E-IQBAL _c1998 |
||
| 650 |
_aQUALITY IN DEVELOPING COUNTRIES _979761 |
||
| 942 |
_cBK _2ddc |
||
| 999 |
_c584760 _d584760 |
||